Así asesinaron a Trotski
Guardat en:
| Autors principals: | , |
|---|---|
| Format: | Llibre |
| Idioma: | espanyol |
| Publicat: |
Santiago
Del Pacífico
1950
|
| Edició: | 1a. ed |
| Matèries: | |
| Etiquetes: |
Afegir etiqueta
Sense etiquetes, Sigues el primer a etiquetar aquest registre!
|
MARC
| LEADER | 00000nam a2200000 a 4500 | ||
|---|---|---|---|
| 001 | UCJ4984 | ||
| 003 | CL-VaPUC | ||
| 008 | 070124e19500330CL |||||||||||||||||spa|d | ||
| 082 | 0 | 4 | |a 923 |b SAN |2 21 |
| 100 | 0 | |a Sánchez, Leandro A. |e author |9 509599 | |
| 700 | |a Gorkin, Julian |e author |9 509600 | ||
| 245 | 1 | 0 | |a Así asesinaron a Trotski |
| 250 | |a 1a. ed | ||
| 300 | |a 250 p | ||
| 942 | |c BK | ||
| 945 | |d 20070124 00:00:00 |a rinostro | ||
| 260 | |a Santiago |b Del Pacífico |c 1950 | ||
| 600 | 0 | 7 | |a TROTSKI, LEON |2 CL-VaPUC |9 267768 |
| 650 | 0 | |a Comunismo |9 255588 | |
| 650 | 7 | |a CRIMENES POLITICOS |2 CL-VaPUC |9 319844 | |
| 650 | 0 | |a Revolución rusa |9 343225 | |
| 651 | 0 | |a México |9 255269 | |
| 583 | |a last modification |c 20070124 00:00:00 |k Rodrigo Vera | ||
| 999 | |c 321098 |d 321096 | ||
| 952 | |0 0 |1 0 |4 0 |6 923_000000000000000_SAN_1950 |7 0 |8 X |9 399763 |a FDOBUD |b FDOBUD |d 2019-11-22 |i 102860K |o 923 SAN 1950 |p 102860K |r 2019-11-22 |w 2019-11-22 |y BK_X |k BUD | ||